00457nam a2200121Ia 4500008004100000245008900041245003100130260000900161650002200170856005100192999001900243952007300262171204s9999 xx 000 0 und d 4aThe Social Psychology Of Ethnic Identity: (European Monographs in Social Psychology) cProfessor Maykel Verkuyten c2015 xSOCIAL PSYCHOLOGY uhttp://down.ebook777.com/024/9780415654265.pdf c346569d346569 001040aCLbCLd2017-12-04l0r2017-12-04 00:00:00w2017-12-04yCBE